Math Conveyor - Statistics

General Stats
  • This quiz has been taken 9 times
  • The average score is 18 of 20
Answers on the Map
Answers color-coded by a green-red scale on the quiz's map according to % correct below.
 
Answer Stats
Answer % Correct
10
100%
10
100%
18
100%
18
100%
3
100%
3
100%
50
100%
50
100%
60
100%
60
100%
72
100%
72
100%
25
83%
25
83%
250
83%
250
83%
125
67%
125
67%
144
67%
144
67%
No matching quizzes found
Score Distribution
Percent of People with Each Score
Percentile by Number Answered
Your Score History
You have not taken this quiz